Datum a čas kvízu

28.5 Celkem bodů Celkový počet nahraných bodů na tomto kvízu bez doplňovacích otázek.
7. Pořadí na kvízu Konečné umístění týmu na tomto kvízu.

Zaznamenané odpovědi

# Otázka Odpověď Body Výsledky
1. Česká vláda ve středu schválil... C) energetické nápoje 1
2. Americká firma Mattel se dopus... adresa pornografických stránek 0
3. Magazín People vyhlásil nejvíc... John Krasinski 1
4. V pátek byl v Praze, při příle... Belgie 0
5. Který kanadský hokejista dosáh... Connor McDavid 1
6. Většina z nás se v dětství uči... salmiak 0
7. Který z těchto smyslů je u člo... sluch (z ucha) 1
8. U kterého z následujících živo... B 1
9. Těsné propojení čichu a chuti... A 0
10. Buňky v sítnici lidského oka c... čípky 0